Urdu Manuscripts (Record no. 9241)

MARC details
000 -LEADER
fixed length control field 00602nam a2200229 a 4500
020 ## - INTERNATIONAL STANDARD BOOK NUMBER
ISBN
082 00 - DEWEY DECIMAL CLASSIFICATION NUMBER
Classification number 027
Author Cutter KAU
100 ## - MAIN ENTRY--AUTHOR NAME
Author name Kaul, H K
245 ## - TITLE STATEMENT
Title Urdu Manuscripts
Sub title a Discriptive Bibliography of Manuscripts in Delhi Librar
260 ## - PUBLICATION, DISTRIBUTION, ETC. (IMPRINT)
Place of publication New Delhi
Name of publisher Heritage Publishers
Year of publication 1977
300 ## - PHYSICAL DESCRIPTION
Number of Pages 206p
500 ## - GENERAL NOTE
General note includes index and biblioraphy
505 2# - FORMATTED CONTENTS NOTE
Formatted contents note glossary
650 ## - SUBJECT ADDED ENTRY--TOPICAL TERM
Topical Term Manuscripts-Library-Catalogue
942 ## - ADDED ENTRY ELEMENTS (KOHA)
Koha item type Books
Holdings
Home library Current library Date acquired Cost, normal purchase price Full call number Accession Number Koha item type
Henry Martyn Institute Library Henry Martyn Institute Library 03/15/2007 50.00 027 KAU 012725 E-Books
                   Copyright © 2026 | Henry Martyn Institute | Hyderabad | TS-500052 | INDIA | Implemented by hmi.edu.in
Hit-Count:

Powered by Koha